ROBOTICS AND CONGNITIVE APPROACHES TO SPATIAL (Record no. 33342)

MARC details
000 -LEADER
fixed length control field 00316nam a22001337a 4500
003 - CONTROL NUMBER IDENTIFIER
control field SGT
020 ## - INTERNATIONAL STANDARD BOOK NUMBER
International Standard Book Number 9783540753865
082 ## - DEWEY DECIMAL CLASSIFICATION NUMBER
Classification number 629.892,JEF
100 ## - MAIN ENTRY--PERSONAL NAME
Personal name JEFFERIES, MARGARET E.
245 ## - TITLE STATEMENT
Title ROBOTICS AND CONGNITIVE APPROACHES TO SPATIAL
260 ## - PUBLICATION, DISTRIBUTION, ETC. (IMPRINT)
Place of publication, distribution, etc NEW DELHI
Name of publisher, distributor, etc SPRINGER
Year of Publication 2008
300 ## - PAGE DESCRIPTION
No. of Pages 328
942 ## - ADDED ENTRY ELEMENTS (KOHA)
Source of classification or shelving scheme Dewey Decimal Classification
Koha item type Books
Holdings
Withdrawn status Lost status Source of classification or shelving scheme Damaged status Not for loan Collection code Home library Current library Shelving location Date acquired Vendor Name Cost, normal purchase price SGTU Bill Number Total Checkouts Full call number Accession No. (Barcode) Date last seen Bill Date Koha item type
    Dewey Decimal Classification   Not For Loan ENGINEERING SGT Engineering Library SGT Engineering Library Reference Book 13/01/2026 BRIJWASI BOOK DISTRIBUTORS 10581.00 SGTU IN/BW/000370   629.892,JEF FE9456 13/01/2026 12/12/2025 Books